| 000 | 01282cam a22002895a 4500 | ||
|---|---|---|---|
| 001 | 18065015 | ||
| 005 | 20161225113543.0 | ||
| 008 | 140305t2015 paua frbd 001 0 eng d | ||
| 020 | _a9781451191073 | ||
| 020 | _a1451191073 | ||
| 040 |
_aDNLM/DLC _cDLC _dDLC _dEG-ScBUE _beng |
||
| 082 | 0 | 4 |
_a610.73072 _222 _bREB |
| 100 | 1 | _aRebar, Cherie R. | |
| 245 | 1 | 0 |
_aUnderstanding research for evidence-based practice / _cCherie R. Rebar, Carolyn J. Gersch. |
| 250 | _a4th ed. | ||
| 260 |
_aPhiladelphia : _bWolters Kluwer / Lippincott Williams & Wilkins Health, _cc.2015. |
||
| 300 |
_axiv, 365 p. : _bill. ; _c26 cm. |
||
| 500 | _aGlossary : p. 347-355. | ||
| 500 | _aIndex : p. 356-365. | ||
| 504 | _aIncludes bibliographical references. | ||
| 505 | 0 | _aEvidence-based nursing : using research in practice -- The research process : components and language of research reports -- Discussions and conclusions -- Descriptive results -- Inferential results -- Samples -- Ethics : what can go wrong -- Data collection methods -- Research designs : planning the study -- Background and the research problem -- The research process. | |
| 650 | 7 |
_aNursing _xResearch. _2BUEsh _939374 |
|
| 651 | _2BUEsh | ||
| 653 |
_bNNUR _cDecember2016 |
||
| 700 | 1 | _aGersch, Carolyn J. | |
| 942 | _2ddc | ||
| 999 |
_c23727 _d23699 |
||